| 000 | 00688nam a22002057a 4500 | ||
|---|---|---|---|
| 005 | 20130812114615.0 | ||
| 010 | _aENG-108162 | ||
| 020 |
_a9781107645509 _c295.00 |
||
| 035 | _aEN-91695 | ||
| 037 | _bDBAD/PUB | ||
| 082 | _a515.723 | ||
| 100 | _aJames, J.F. | ||
| 245 | 1 | 0 |
_aA student's guide to fourier transforms : _cby J.F. James _bwith applications in physics and engineering / |
| 250 | _a3rd ed | ||
| 260 |
_aNew Delhi _bCambridge University Press _c2011 |
||
| 270 |
_a4381/4, Ansari Road, Daryaganj _bNew Delhi _e110002 |
||
| 300 |
_axiii,146p. : _c23cm(pbk) _bill. |
||
| 500 | _aIncludes bibliographical references and index | ||
| 942 |
_2ddc _cEN _mJAM _h515.723 |
||
| 999 |
_c78126 _d78126 |
||